000 00521nam a2200205 a 4500
001 0452
005 20140414132018.0
008 040116s19uu xx 00 eng d
020 _a0-394-81094-5
050 _aTR
_bEY3 1968
100 _aLesieg, Theo
245 _aThe eye book /
_cTheo Lesiege ; illustrated by Roy McKie.
260 _aU.S.A :
_bRandom House,
_c1968.
300 _a1 v. p. : ill. ; cm.
500 _aTR/PS
650 _aEyes
_xFiction.
650 _aRhymes.
999 _c113403
_d113403